|
|
|
|
| LEADER |
00922nam a22002417a 4500 |
| 001 |
BD-DhAAL |
| 003 |
BD-DhAAL |
| 005 |
20160305174733.0 |
| 008 |
160305s 2003bg a|||| |||| 00| 0 ben d |
| 020 |
|
|
|a 9848323007
|
| 040 |
|
|
|a BD-DhAAL
|c BD-DhAAL
|
| 082 |
|
|
|a 305.89144
|
| 100 |
|
|
|a আজাদ, সালাম
|9 18346
|
| 245 |
|
|
|a আদিবাসীদের ভাষা /
|c সালাম আজাদ
|
| 250 |
|
|
|a 1st ed.
|
| 260 |
|
|
|a ঢাকা :
|b নওরোজ কিস্তাবিতান,
|c ২০০৩
|
| 300 |
|
|
|a ৭৯ পৃ. :
|b চিত্র ;
|c ২২ সে.মি.
|
| 541 |
|
|
|e 7514
|
| 650 |
|
|
|a Indigenous Bengali
|9 18347
|
| 852 |
|
|
|a Savar Campus Library
|c General Shelf
|
| 942 |
|
|
|2 ddc
|c BK
|
| 999 |
|
|
|c 37037
|d 37037
|
| 952 |
|
|
|0 0
|1 0
|2 ddc
|4 0
|6 305_891440000000000_AZA
|7 0
|9 58281
|a SCL
|b SCL
|c GEN
|d 2016-03-05
|g 65.00
|l 1
|o 305.89144 AZA
|p 3020007514
|r 2018-12-01
|s 2018-11-24
|t 1
|w 2016-03-05
|y BK
|